Дмитрий Александрович Криволуцкий (1939-2004)

Bibliographic Details
Corporate Author: Российская академия наук
Other Authors: Гонгальский К. Б. (составитель), Трач Н. В., Турчанинова В. А.
Summary:Д. А. Криволуцкий - выдающийся российский зоолог и эколог, один из создателей новых направлений в биогеографии и радиоэкологии. Основные труды ученого посвящены систематике и экологии крупнейшей группы почвенных микроартропод - орибатидным клещам, радиоэкологии почвенных животных, их роли в биоиндикации почв. Выпуск включает основные даты жизни и деятельности, краткий очерк научной деятельности Д. А. Криволуцкого, литературу о нем и его трудах, хронологический указатель трудов, вспомогательные указатели. Для зоологов, экологов и всех интересующихся историей науки.
Language:Russian
Published: Москва, Наука, 2006
Series:Материалы к биобиблиографии ученых
Биологические науки вып. 3
Subjects:
Format: Book
KOHA link:https://koha.lib.tpu.ru/cgi-bin/koha/opac-detail.pl?biblionumber=70603

MARC

LEADER 00000nam0a2200000 4500
001 70603
005 20231101212527.0
010 |a 5020341703 
035 |a (RuTPU)RU\TPU\book\75167 
090 |a 70603 
100 |a 20041125d2006 k y0rusy50 ca 
101 0 |a rus 
102 |a RU 
105 |a c a 001zb 
200 1 |a Дмитрий Александрович Криволуцкий (1939-2004)  |f Российская академия наук; сост. К. Б. Гонгальский, Н. В. Трач, В. А. Турчанинова 
210 |a Москва  |c Наука  |d 2006 
215 |a 142 с.  |c портр. 
225 1 |a Материалы к биобиблиографии ученых 
225 1 |a Биологические науки  |v вып. 3 
330 |a Д. А. Криволуцкий - выдающийся российский зоолог и эколог, один из создателей новых направлений в биогеографии и радиоэкологии. Основные труды ученого посвящены систематике и экологии крупнейшей группы почвенных микроартропод - орибатидным клещам, радиоэкологии почвенных животных, их роли в биоиндикации почв. Выпуск включает основные даты жизни и деятельности, краткий очерк научной деятельности Д. А. Криволуцкого, литературу о нем и его трудах, хронологический указатель трудов, вспомогательные указатели. Для зоологов, экологов и всех интересующихся историей науки. 
600 1 |a Криволуцкий  |b Д. А.  |c российский эколог, зоолог  |f 1939-2004  |g Дмитрий Александрович  |2 stltpush  |3 (RuTPU)RU\TPU\pers\18848  |9 7084 
610 1 |a зоология 
610 1 |a библиография 
610 1 |a биобиблиографические пособия 
610 1 |a ученые 
610 1 |a персоналии 
610 1 |a Россия 
610 1 |a история 
610 1 |a 20 век 
675 |a 59(092)(01)  |v 3 
686 |a Я19:59  |v LBC/SL-A  |2 rubbk 
702 1 |a Гонгальский  |b К. Б.  |4 220 
702 1 |a Трач  |b Н. В.  |4 220 
702 1 |a Турчанинова  |b В. А.  |4 220 
712 0 2 |a Российская академия наук  |2 stltpush  |3 (RuTPU)RU\TPU\col\51 
801 1 |a RU  |b 63413507  |c 20041125  |g PSBO 
801 2 |a RU  |b 63413507  |c 20150918  |g PSBO 
942 |c BK